1611 1114 1726 1968 1835 1689 1288 1653 1376 1723 1811 1941 1345 1252 1992 1883 1022 1675 1219 1606 1421 1704 1321 1190 1676 1009 1099 1031 1094 1643 1771 1687 1521 1541 1003 1794 1440 1133 1853 1459 1237 1014 1418 1782 1329 1598 1950 1893 1647 1210 1580 1075 1501 1783 1533 1882 1711 1107 1942 1641 1313 1369 1524 1734 1696 1821 1949 1296 1104 1802 1321 1407 1579 1160 1403 1791 1040 1980 1422 1735 1658 1393 1452 1055 1769 1194 1541 1120 1115 1640 1082 1236 1590 1688 1930 1130 1980 1194 1213 BCNSPRNW ULIB Ver.6.0+V

เปลี่ยนเป็นภาษาไทย

Change to English
 แสดงรายละเอียดบรรณานุกรม
  กลับหน้าหลัก

Brief Record : Get Marc (ISO 2709) : E-mail record : QR code < ปิดหน้าต่าง
LEADER : 00000nam 2200000uu 4500
001    13399122499
003     ULIB
008    020711s|||| th a 000 0 tha d
020    9786117123092
090    นว.^bห289ส
100    หงษ์หยก
110    Green mind publishing
245    สิปาดัน...ฉันรักเธอ/^cหงษ์หยก
260    กรุงเทพฯ :^bGreen mind publishing,^cม.ป.ป.
300    376 หน้า
945    ^p249^l0^i19958
999    ^aทศพร เกษรทอง
รายการนี้ยังไม่มีแท็ก
คุณยังไม่ได้ล็อกอิน คุณสามารถมีกิจกรรมร่วมกับเว็บไซต์ได้ แต่ต้องล็อกอินก่อน ::
  ล็อกอิน

รายการสื่อสารสนเทศ

ลำดับที่ ประเภท เลขเรียก/บาร์โค้ด สถานที่ สถานะ
1. นวนิยาย
นวนิยาย
นว. ห289ส  
  Barcode: 19958
ห้องสมุดวิทยาเขตสวรรค์ประชารักษ์
►นวนิยาย
บนชั้น
  ขอยืม

รายการใกล้เคียง
    ผู้แต่ง [หงษ์หยก]

BibComment


ยังไม่เคยถูกคอมเมนท์

คอมเมนท์ทรัพยากรรายการนี้
  คอมเมนท์: สิปาดันฉันรักเธอ ..


 Copyright 2026. Bcnsprnw @Library